Heterogenita skupiny ako jeden z kľúčových brzdiacich elementov v skupinovej práci vo výučbe cudzích jazykov

Hlavné výhody a nevýhody skupinovej práce študentov. Heterogenita študijných skupín pri výučbe predmetu Business english. Výsledky výskumu uskutočneného medzi študentami Ekonomickej univerzity v Bratislave.

Saved in:
Bibliographic Details
Main Author: Danišová, Soňa, 1981-
Format: Book Chapter
Language:Slovak
Subjects:
Tags: Add Tag
No Tags, Be the first to tag this record!

MARC

LEADER 00000naa$a2200000$$$4500
001 0160049
005 20240502072758.8
041 0 |a slo 
044 |a SK 
245 1 0 |a Heterogenita skupiny ako jeden z kľúčových brzdiacich elementov v skupinovej práci vo výučbe cudzích jazykov  |c Soňa Danišová 
520 |a Hlavné výhody a nevýhody skupinovej práce študentov. Heterogenita študijných skupín pri výučbe predmetu Business english. Výsledky výskumu uskutočneného medzi študentami Ekonomickej univerzity v Bratislave. 
610 2 0 |a jazyky cudzie 
610 2 0 |a angličtina 
610 2 0 |a vzdelávanie vysokoškolské 
610 2 0 |a jazyk odborný 
610 2 0 |a výskum 
100 1 |a Danišová, Soňa, 1981-